| 000 | 00502pab a2200181 454500 | ||
|---|---|---|---|
| 008 | 180718b2009 xxu||||| |||| 00| 0 eng d | ||
| 100 | _aBirch, Engenie L. | ||
| 245 | _aDowntown in the "new American city" | ||
| 260 | _c2009 | ||
| 300 | _ap.134-53. | ||
| 362 | _aNov | ||
| 650 | _aHosing - United States | ||
| 650 | _aUrban development - United States | ||
| 650 | _aUrban development | ||
| 773 | _aAnnals of the American Academy of Political and Social Science | ||
| 908 | _aN | ||
| 909 | _a84669 | ||
| 999 |
_c84669 _d84669 |
||